Palmashow - Les prénoms dans "Le prénom" - Statistiques

Statistiques générales
  • Ce quiz a été pris 124 fois
  • Le résultat moyen est 15 sur 24
Statistiques - réponses
N° réplique Réponses % Correct
17 et {Mégane}
91%
6 T'imagines le gars sa fille elle s'appelle {Mégane}
91%
10 Ou sinon {Olivier}, ça fait prof de tennis, mono de ski… Ca fait un peu {Olivier} de Carglass aussi
80%
13 Comment va ton fils {Jean-Jean} ? Et bien mon fils s'est suicidé voilà
76%
4 Moi je me suis taper une {Sarah},
75%
3 Sinon si tu sais pas comment l'appeler, tu l'appelles {Sarah}, en plus en général les {Sarah} elle sont hyper bonnes
75%
2 Si c'est une fille je l'appelerait bien {Agnès}. Bah non, parce que t'as un âne et une {Agnès}
73%
19 Et toi tu t'appelles {Claquette} parce qu'une fois on était avec tes oncles à la mer et puis voilà
65%
12 Un prénom composé genre… {Jean-Michel}
65%
5 {Alpha Roméo}, je vais pas lui donner un nom de bagnole.
63%
5 {Timéo}…
63%
16 Bah {Annick} : Alcoolique. Mais c'est breton ! C'est ce que je viens de dire, allez !
61%
18 Eh, {Bigorneau} tu me parles pas comme ça
60%
5 En ce moment, y'a la putain de mode des prénoms en O : {Enzo},
55%
4 mais son deuxième prénom c'était {Gwendoline} du coup ça s'annule
55%
14 Bon écoute tu laisses {Jordan} en dehors de tout ça.
54%
17 et tes enfants ils s'appellent {Jordan}
54%
11 Et un prénom un peu comme les stars genre {Lily-Rose}. C'est beauf !
53%
8 Ou sinon {Romuald}, il sera mignon {Romuald}, nan {Romuald} il sera mignone. C'est gay {Romuald}
53%
1 {Serge}, tu veux qu'il est pas de pote ton fils plus tard. Il est pas né on dirait que tu lui veux déja du mal
50%
7 Les {Robert}, ils ont un côté sensible. Ouais ils ont un côté tracteur aussi
47%
15 Ma femme n'est pas goudou. Nan elle s'appelle {Corine}, elle a un tatouage Mylène Farmer elle collectionne les calendriers de pompier
45%
17 Tu t'appelles {Jacky}, tu mets des santiagues, tu vas à Argelès sur Mer
42%
9 Mhhh {Céline} pour une fille. T'as raison de le préciser parce que pour un mec…
36%
Aucun quiz correspondant
Distribution des résultats
% des personnes avec chaque résultat
Percentile par nombre de réponses
Votre historique - résultats
Vous n’avez pas pris ce quiz